[Event "Milan Palladino Memorial"]
[Site "Milan"]
[Date "2012.04.09"]
[Round "6"]
[White "Vallone, Ugo"]
[Black "Marchini, Daniele"]
[Result "1-0"]
[WhiteElo "1934"]
[BlackElo "1845"]
[PlyCount "99"]
[EventDate "2012.04.05"]
[EventType "swiss"]
[EventRounds "6"]
[EventCountry "ITA"]
[SourceTitle "EXT 2013"]
[Source "ChessBase"]
[SourceDate "2012.11.22"]
[SourceVersion "1"]
[SourceVersionDate "2012.11.22"]
[SourceQuality "1"]

1. d4 Nf6 2. f3 d5 3. c4 e6 4. Nc3 Bb4 5. e3 c5 6. a3 Bxc3+ 7. bxc3 cxd4 8. cxd4 0-0 9. Qc2 Re8 10. Bb2 Nc6 11. f4 Ne4 12. Nf3 Qa5+ 13. Nd2 Nxd2 14. Qxd2 Qxd2+ 15. Kxd2 Na5 16. Kc3 Bd7 17. Rc1 Rac8 18. c5 b6 19. Ba6 Rc7 20. Kb4 Nc6+ 21. Kb3 Rb8 22. Ka2 b5 23. Rb1 Na5 24. Bc1 Nc4 25. Rd1 f6 26. Rb4 e5 27. fxe5 fxe5 28. Rf1 exd4 29. exd4 Bc6 30. a4 Re7 31. axb5 Re2+ 32. Kb3 Bb7 33. Bf4 Rbe8 34. Bxb7 Na5+ 35. Kc3 Nxb7 36. Ra4 Ra8 37. b6 Nd8 38. Bc7 Nc6 39. Rf5 Rae8 40. Rxd5 axb6 41. cxb6 R2e3+ 42. Kc4 Rc8 43. Rd6 Nb8 44. Ra8 Ree8 45. Kd5 Kf7 46. Rxb8 Rxb8 47. Rd7+ Kf8 48. Bxb8 Rxb8 49. Kc6 Ke8 50. Rxg7 1-0

[Event "Milan Palladino Memorial"]
[Site "Milan"]
[Date "2012.04.09"]
[Round "5"]
[White "Virzi, Ettore"]
[Black "Vallone, Ugo"]
[Result "1/2-1/2"]
[WhiteElo "1944"]
[BlackElo "1934"]
[PlyCount "161"]
[EventDate "2012.04.05"]
[EventType "swiss"]
[EventRounds "6"]
[EventCountry "ITA"]
[SourceTitle "EXT 2013"]
[Source "ChessBase"]
[SourceDate "2012.11.22"]
[SourceVersion "1"]
[SourceVersionDate "2012.11.22"]
[SourceQuality "1"]

1. e4 c6 2. d4 d5 3. exd5 cxd5 4. c4 Be6 5. Nc3 Nf6 6. Nf3 dxc4 7. Ne5 Nc6 8. Qa4 Qa5 9. Qxa5 Nxa5 10. Nb5 Kd8 11. Bd2 Nc6 12. Nxc6+ bxc6 13. Ba5+ Kd7 14. Nc7 Rb8 15. Nxe6 Kxe6 16. Bxc4+ Nd5 17. b3 g6 18. 0-0 Bh6 19. Rae1+ Kd7 20. Re2 e6 21. g3 Bg7 22. Rd1 h5 23. h4 Bf6 24. Rd3 g5 25. hxg5 Bxg5 26. Bd2 Bf6 27. Rf3 Ke7 28. Bxd5 cxd5 29. a3 Bg7 30. Bb4+ Ke8 31. Bc5 a6 32. b4 Rh6 33. a4 Rg6 34. Kg2 Rg4 35. Rd3 Bf8 36. f3 Rg8 37. Rc2 Be7 38. Bxe7 Kxe7 39. Rc7+ Kf6 40. Rb3 Rg5 41. b5 axb5 42. axb5 Rb6 43. Rc6 Rxc6 44. bxc6 Rg8 45. Kf2 Rc8 46. Rb6 Kf5 47. Ke3 f6 48. Ra6 e5 49. g4+ hxg4 50. fxg4+ Kxg4 51. dxe5 fxe5 52. Ra5 Rxc6 53. Rxd5 Kf5 54. Ra5 Rc3+ 55. Ke2 Kf4 56. Ra8 Rh3 57. Ra4+ e4 58. Ra8 Rh2+ 59. Ke1 Kf3 60. Re8 Ke3 61. Kf1 Rh1+ 62. Kg2 Rd1 63. Re7 Kd3 64. Kf2 Rd2+ 65. Ke1 Rh2 66. Re8 Ke3 67. Kf1 Rh4 68. Re7 Rf4+ 69. Ke1 Rf5 70. Ra7 Kf3 71. Ra3+ e3 72. Ra8 Rf4 73. Re8 Rh4 74. Rf8+ Ke4 75. Re8+ Kd3 76. Rd8+ Rd4 77. Rxd4+ Kxd4 78. Ke2 Ke4 79. Ke1 Kd3 80. Kd1 e2+ 81. Ke1 1/2-1/2

[Event "Milan Palladino Memorial"]
[Site "Milan"]
[Date "2012.04.05"]
[Round "1"]
[White "Cani, Gazmir"]
[Black "Vallone, Ugo"]
[Result "1/2-1/2"]
[WhiteElo "2155"]
[BlackElo "1934"]
[PlyCount "106"]
[EventDate "2012.04.05"]
[EventType "swiss"]
[EventRounds "6"]
[EventCountry "ITA"]
[SourceTitle "EXT 2013"]
[Source "ChessBase"]
[SourceDate "2012.11.22"]
[SourceVersion "1"]
[SourceVersionDate "2012.11.22"]
[SourceQuality "1"]

1. d4 Nf6 2. c4 d6 3. Nf3 g6 4. g3 Bg7 5. Bg2 c6 6. 0-0 0-0 7. Nc3 Nbd7 8. e4 Qc7 9. h3 e5 10. Re1 b6 11. Be3 Ba6 12. Qa4 Bb7 13. Rac1 exd4 14. Nxd4 Nc5 15. Qc2 a5 16. b3 Rfe8 17. f4 Nh5 18. Kh2 Re7 19. a3 Rae8 20. Bf3 Nf6 21. Bf2 Nfd7 22. Re2 Nb8 23. Rd1 Ba6 24. Red2 Bc8 25. Ndb5 cxb5 26. Nxb5 Qd7 27. Bg4 Qc6 28. Nxd6 Bxg4 29. hxg4 Nxe4 30. Nxe8 Nxd2 31. Nxg7 Nf3+ 32. Kh3 Kxg7 33. Rd5 Qe6 34. Qc3+ f6 35. Qxf3 Nd7 36. Kg2 Qc6 37. Bd4 a4 38. g5 Kf7 39. f5 axb3 40. fxg6+ hxg6 41. gxf6 Nxf6 42. g4 Qe6 43. Bxf6 Qxf6 44. Rb5 Qxf3+ 45. Kxf3 Rc7 46. Rxb6 Rxc4 47. Rxb3 Kf6 48. Rb6+ Kg5 49. Rb5+ Kh4 50. Rb3 g5 51. Kf2 Rc2+ 52. Kf3 Rh2 53. Re3 Ra2 1/2-1/2

[Event "Milan Epiphany op"]
[Site "Milan"]
[Date "2010.01.06"]
[Round "7"]
[White "Papa, Angelo"]
[Black "Vallone, Ugo"]
[Result "0-1"]
[WhiteElo "1852"]
[BlackElo "1919"]
[PlyCount "68"]
[EventDate "2010.01.02"]
[EventType "swiss"]
[EventRounds "7"]
[EventCountry "ITA"]
[SourceTitle "EXT 2024"]
[Source "ChessBase"]
[SourceDate "2023.10.10"]
[SourceVersion "1"]
[SourceVersionDate "2023.10.10"]
[SourceQuality "1"]

1. d4 g6 2. e4 d6 3. Nc3 a6 4. Be3 Bg7 5. Qd2 e6 6. Nf3 h6 7. Bd3 Ne7 8. 0-0 Nd7 9. Rad1 b6 10. Ne2 Bb7 11. c3 Ra7 12. Bb1 Qa8 13. Ng3 Nf6 14. Rfe1 Kf8 15. Qc1 Nxe4 16. Nxe4 Bxe4 17. Bxe4 Qxe4 18. Bxh6 Bxh6 19. Qxh6+ Rxh6 20. Rxe4 Rh5 21. Rde1 Ra5 22. a3 c5 23. h4 Rc7 24. Ng5 Kg8 25. g3 Rb5 26. dxc5 bxc5 27. Ra4 Rc6 28. Re2 c4 29. f4 a5 30. Ne4 Nc8 31. Rd2 d5 32. Nf6+ Kg7 33. Nd7 Rc7 34. Ne5 Nb6 0-1